01385nam a22002057a 4500003000500000005001700005008004100022020001800063050003100081100001500112245006400127246002600191260006300217300004100280500002000321520066700341650005401008650006001062650005701122SISC20180314094616.0180314b xxu||||| |||| 00| 0 eng d a9781449456146 aPR 9619.4 .L446 bL68 2013 aLeav, Lang aLove & misadventure /cwritten and illustrated by Lang Leav aLove and misadventure aKansas City, Missouri:bAndrews McMeel Publishing,cc2013. a155 pages :billustrations ;c21 cm. aIncludes index. aBeautifully illustrated and thoughtfully conceived, Love and Misadventure will take you on a rollercoaster ride through an ill-fated love affairfrom the initial butterflies through the soaring heights to the devastating plunge. And, in the end, the message is one of hope. The journey from love to heartbreak to finding love again is personal yet universal. Lang Leav's evocative poetry speaks to the soul of anyone who is on this journey. Leav has an unnerving ability to see inside the hearts and minds of her readers. Her talent for translating complex emotions with astonishing simplicity has won her a cult following of devoted fans from all over the world. 2Library of Congress Subject HeadingsaLove poetry 2Library of Congress Subject HeadingsaAustraliaxPoetry 2Library of Congress Subject HeadingsaEnglish poetry